Una buena edad: la tercera edad

Guardat en:
Dades bibliogràfiques
Autor principal: Comfort, Alexander (Autor)
Format: Llibre
Idioma:espanyol
Publicat: Madrid Debate 1978
Matèries:
Etiquetes: Afegir etiqueta
Sense etiquetes, Sigues el primer a etiquetar aquest registre!

MARC

LEADER 00000nam a2200000 a 4500
001 UCW4790
003 CL-VaPUC
008 900816e19780000SP |||||||||||||||||spa|d
082 0 4 |a 305.26  |b COM  |2 21 
100 0 |a Comfort, Alexander  |e author  |9 309597 
245 1 4 |a Una buena edad: la tercera edad 
300 |a 279 p 
942 |c BK 
945 |d 19900816 00:00:00 
260 |a Madrid  |b Debate  |c 1978 
650 0 |a Tercera edad   |9 307285 
650 0 |a Ancianos   |9 307293 
650 0 |a Vejez   |9 307287 
650 0 |a Envejecimiento   |9 309599 
583 |a last modification  |c 19900816 00:00:00  |k Rodrigo Vera 
999 |c 218409  |d 218407 
952 |0 0  |1 0  |4 0  |6 305_260000000000000_COM_1978  |7 0  |8 P  |9 207938  |a BIBEDU  |b BIBEDU  |c BIBEDU_PB  |d 2019-11-15  |i 2757869  |o 305.26 COM 1978  |p 2757869  |r 2024-01-25  |w 2019-11-15  |y BK  |k EDU 
952 |0 0  |1 0  |4 0  |6 305_260000000000000_COM_1978  |7 0  |8 P  |9 207939  |a BIBEDU  |b BIBEDU  |c BIBEDU_PB  |d 2019-11-15  |i 1601725  |o 305.26 COM 1978  |p 1601725  |r 2024-01-25  |w 2019-11-15  |y BK  |k EDU